[Event "FIDE World Cup-B"]
[Site "Shenyang"]
[Date "2000.09.05"]
[Round "5"]
[White "Short, Nigel D"]
[Black "Gurevich, Mikhail"]
[Result "1-0"]
[WhiteElo "2677"]
[BlackElo "2667"]
[Annotator "Finkel,A"]
[PlyCount "103"]
[EventDate "2000.09.01"]
[EventType "tourn"]
[EventRounds "5"]
[EventCountry "CHN"]
[EventCategory "17"]
[SourceTitle "CBM 079"]
[Source "ChessBase"]
[SourceDate "2000.11.21"]
[SourceVersion "1"]
[SourceVersionDate "2000.11.21"]
[SourceQuality "1"]

{[%mdl 4256]} 1. e4 {Ftacnik} e6 2. d4 d5 3. Nc3 Nf6 4. Bg5 dxe4 5. Nxe4 Be7 6.
Bxf6 Bxf6 7. Nf3 O-O 8. Bc4 Nc6 {This variation has become during the last
year the scene for many interesting battles on the highest level. Each time
somebody was coming to the game with some improvement or new opening plan
which changed drustically the evaluation of whole variation. After the
following game it seems to be black's turn to come up with improvements!} (8...
Nd7 9. Qe2 (9. O-O c5 10. c3 cxd4 11. Nxf6+ Nxf6 12. Nxd4 Qc7 13. Bb3 Bd7 {
1/2-1/2 Short,N-Kortschnoj,V/EUCup f 1988}) 9... Be7 $5 $146 (9... Nb6 10. Bb3
Bd7 11. O-O Bc6 12. Nxf6+ gxf6 $6 13. Rad1 Kh8 14. c4 $14 {Spassky-Czerniak/
Goteborg/1971}) (9... c6 10. O-O b6 11. Rad1 Qc7 12. Nxf6+ Nxf6 13. Qe5 Qe7 14.
c3 Bb7 15. Rfe1 $14 {Fischer-Pachman/Leipzig ol/1960}) 10. O-O (10. O-O-O $13)
10... c5 $1 11. d5 $6 (11. Rfd1 $13) 11... exd5 12. Bxd5 Nb6 $15 {Smirin,
I-Lputian,S/Wijk op 1993}) 9. c3 e5 10. d5 Nb8 (10... Na5 $5 11. Bd3 b6 12. h4
g6 13. h5 Bg4 14. Qa4 Bg7 15. hxg6 hxg6 $13 {Baklan,V-Goloshchapov,A/
Ordzhonikidze zt 1.9 2000}) 11. Qe2 (11. d6 $5 Bf5 12. Qd5 Nd7 13. Qxb7 Bxe4
14. Qxe4 Nc5 15. Qd5 cxd6 16. O-O $14 {Groszpeter,A-Dizdar,G/AUT-chT qual 1997}
) 11... Bf5 12. Bd3 $5 {A new move aiming to gain tempo compering to the game
Leko-Shirov.} (12. Ng3 Bg4 $5 13. h3 Bxf3 14. Qxf3 Nd7 15. Ne4 (15. O-O-O $5
Be7 16. Nf5 Bd6 17. g4 $14) 15... Be7 16. O-O-O Bd6 17. g4 $14 {Leko,P-Shirov,
A/Fujitsu Siemens Giants 2000}) (12. O-O Nd7 13. Rad1 Bxe4 14. Qxe4 Nc5 15. Qe3
Qd6 16. Rfe1 $14 {Hernandez,G-Shirov,A/Merida 2000}) (12. O-O-O Nd7 13. Ng3 Bg6
14. Bd3 $1 (14. h4 e4 15. Nxe4 Re8 16. Nxf6+ Qxf6 17. Qd2 Nb6 $44 {Bologan,
V-Gurevich,M/Festival comtois 4th 1999}) 14... Bxd3 (14... Nc5 15. Bxg6 hxg6
16. h4 Re8 17. Ne4 Nxe4 18. Qxe4 Qd7 19. g4 $16) 15. Qxd3 Nc5 16. Qe3 b6 17. h4
Re8 {[%cal Ge5e4]} 18. Ne4 $1 Nxe4 19. Qxe4 $14 {[%cal Gg2g5,Gh4h5] Leko,
P-Khalifman,A/Khalifman-Leko Match 2000}) 12... Bxe4 (12... Nd7 13. O-O-O Rb8
14. d6 $5 (14. Rhg1 $5) 14... cxd6 15. Nxd6 Bxd3 16. Rxd3 $14) (12... Be7 {
Ftacnik} 13. Nf6+ Bxf6 14. Bxf5 c6 15. O-O-O cxd5 16. Be4 $14) 13. Bxe4 Nd7 14.
O-O-O (14. O-O {Ftacnik} Nc5 15. Rfe1 Re8 16. Rad1 $14) 14... Be7 (14... Nc5 $6
15. h4 $1 (15. g4 $5 {Ftacnik}) (15. Bc2 e4 16. Nd2 Re8 $14) 15... b5 16. g4 g6
17. g5 Bg7 18. h5 $16) 15. g4 (15. h4 $1) 15... Bd6 $6 {Too passive move
permitting white to develop serious initiative.Better was} (15... Bg5+ $5 16.
Kb1 Bf4 17. h4 Nf6 18. Ng5 (18. g5 Nxe4 19. Qxe4 Qd6 $132) 18... Rb8 19. Nh3
$14) (15... Nf6 {Ftacnik} 16. Nxe5 $16) 16. Kb1 Rb8 (16... Nf6 {Ftacnik} 17.
Bc2 (17. g5 Nxe4 18. Qxe4 f5 19. gxf6 Qxf6 20. Rd3 Qf5 $11) 17... Nxg4 18. Rhg1
Nf6 19. Nxe5 Re8 20. f4 $14) 17. h4 b5 18. Ng5 g6 (18... Nf6 19. Qc2 h6 20. Nh7
Re8 21. g5 $40) 19. Bc2 b4 20. c4 Nc5 21. Qe3 $1 {[%cal Gh4h5] Preparing the
advance of the h-pawn.} Qf6 (21... f5 $6 22. gxf5 gxf5 23. Rhg1 Kh8 24. Nxh7 $1
Kxh7 25. Qf3 {[%csl Rh7]} Qe8 (25... Kh6 26. Rg5 Qe8 27. Bxf5 $18 {[%cal Gd1g1,
Gf3e3]}) 26. Bxf5+ Kh8 27. Rg5 Rg8 28. Rh5+ Kg7 29. Rh7+ Kf8 30. Bd7+ $18) 22.
h5 h6 (22... Qf4 23. hxg6 $1 hxg6 (23... Qxe3 24. gxh7+ Kg7 25. fxe3 $18) 24.
Qh3 Kg7 25. Qh6+ Kf6 26. Nh7+ $18) 23. Ne4 Nxe4 24. Bxe4 {The fact that
knights has disappeared from the board doesn't make black's life any easier.} (
24. Qxe4 Kg7) 24... g5 25. c5 Be7 26. Rc1 $1 $16 Rb5 (26... Qf4 27. Qxf4 exf4
28. Bf5 Rfe8 29. d6 $1 Bd8 (29... cxd6 30. c6 Kf8 31. c7 Rbc8 32. Rhd1 $18 {
[%cal Gd1d5,Gd5a5]}) 30. Rhe1 Kf8 31. Bd7 $18) 27. Bf5 e4 $5 {Trying to create
counterplay over the diagonal a1-h8.} 28. Bxe4 Rfb8 29. Bd3 {'?' Ftacnik.} (29.
Rhe1 $1 $18 {Ftacnik}) 29... Ra5 {'?' Ftacnik.} (29... Rxc5 $1 {Ftacnik} 30.
Rhe1 (30. Rxc5 Bxc5 31. Qxc5 Qf3 $15) 30... Rxc1+ 31. Rxc1 Bd6 $11) 30. Rh3 Bf8
31. Rf3 Qe7 32. Qxe7 Bxe7 33. d6 $1 {[%csl Rf7] The decisive breake.Despite of
the material balance black is helpless.} cxd6 34. c6 Rc8 35. c7 Rc5 $8 36. Rxc5
dxc5 37. Bc4 Rxc7 38. Rxf7 {Ftacnik: 'The number of pawns is equal and black
can combine his hopes with the drawish nature of opposite coloured bishops.
Unfortunatelly for Gurevich his king is in a terrible shape and white's rook
dominates the position. '} Kh8 39. Kc2 $18 Rd7 (39... Bd6 40. Rf6 Bf4 41. Rxh6+
Kg7 42. Re6 $18 {[%cal Gh5h6]}) 40. Kb3 a5 41. f3 Rd4 (41... Rc7 42. Ka4 $18 {
[%csl Ra5,Rc7,Re7][%cal Ga4b5,Gb5b6]}) 42. Rxe7 a4+ 43. Kxa4 Rxc4 44. Kb5 Rc2
45. b3 Kg8 (45... Rc3 46. Re5 Rxf3 47. Rxc5 Rf2 48. Kxb4 Rxa2 49. Kb5 Rg2 50.
Rc4 $18 {[%cal Gb3b8]}) 46. Re5 Rxa2 47. Rxc5 Ra8 48. Kxb4 Rf8 49. Rf5 Rb8+ 50.
Kc3 Rc8+ 51. Kb2 Rb8 52. f4 1-0

[Event "Mermaid Beach Club"]
[Site "Bermuda"]
[Date "1999.01.21"]
[Round "1"]
[White "Nataf, Igor Alexandre"]
[Black "Gretarsson, Helgi Ass"]
[Result "1/2-1/2"]
[WhiteElo "2475"]
[BlackElo "2459"]
[Annotator "Finkel,A"]
[PlyCount "124"]
[EventDate "1999.01.21"]
[EventType "tourn"]
[EventRounds "13"]
[EventCountry "BER"]
[EventCategory "9"]
[SourceTitle "CBM 069"]
[Source "ChessBase"]
[SourceDate "1999.04.01"]
[SourceVersion "1"]
[SourceVersionDate "1999.04.01"]
[SourceQuality "1"]

1. e4 e6 2. d4 d5 3. Nc3 Nf6 4. Bg5 dxe4 5. Nxe4 Nbd7 6. Nxf6+ Nxf6 7. Nf3 c5
8. Bc4 cxd4 (8... Qa5+ $5 9. c3 Be7 10. O-O O-O 11. Re1 Rd8 12. Re5 Qb6 13. Qe2
cxd4 14. Nxd4 h6 15. Bh4 Nd5 $11 {Shirov,A-Topalov,V/Amber-rapid6th 1997/1/2-1/
2 (77)}) 9. O-O $5 {Sacrificng a pawn and hoping to use an advantage in
development to create some treats to black king.} (9. Qxd4 Qxd4 10. Nxd4 Bc5
11. O-O-O Bd7 12. Rhe1 O-O-O 13. f3 a6 14. Nb3 Bb6 $11 {Rayner,F-Motwani,P/
Blackpool zt 1990/0-1 (44)}) 9... Bc5 (9... Be7 $5 10. Nxd4 (10. Qe2 $5 O-O 11.
Rad1 $14) 10... O-O 11. Re1 Nd5 12. Bxe7 Nxe7 13. Qd3 Bd7 14. Rad1 Qc7 15. Nb5
Bxb5 16. Bxb5 Nf5 17. c3 Rad8 $11 {King,D-Motwani,P/London WFW 1990 (40)}) 10.
Qe2 Qb6 {Showing by this move his agressive intentions:black is ready to leave
his king in the center,but to try to hold the pawn on d4.} (10... O-O $5 11.
Rad1 a6 12. Ne5 b5 13. Bd3 Bb7 14. Bxf6 Qxf6 15. Nd7 Qg5 $44 {Klovans,
J-Kishnev,S/NRW-Liga II 1997 (35)}) 11. Rad1 Bd7 (11... Qxb2 $5) 12. Ne5 Rc8
13. c3 $1 {[%cal Gd1d7]} h6 14. Bh4 $5 {White also plays very ambitiously;he
is not satisfied with minimal advantage after} (14. Bxf6 $5 gxf6 15. Nxd7 Kxd7
16. b4 Bd6 17. Rxd4 Kc7 18. Rfd1 Be5 19. Rd7+ Kb8 20. Rxf7 $14 {and fights for
more...}) 14... a6 15. cxd4 ({Of course not} 15. b4 Be7 16. Nxd7 Nxd7 17. Bxe7
Kxe7 18. Rxd4 Rhd8 19. Rfd1 Nf6 $11 {and black is out of any danger.}) 15...
Bxd4 16. Qd3 Bxe5 17. Bxf6 Bxh2+ $8 18. Kh1 $1 {[%csl Rd7,Rh2]} (18. Kxh2 $2
Qc7+ {[%cal Gc7h2,Gc7d7]} 19. Kg1 gxf6 $17) 18... Qc7 19. Bc3 ({Doesn't work} 
19. Bxg7 $2 Rg8 20. Qh7 Rxg7 $1 21. Qh8+ Ke7 22. Qxg7 Be5 $1 23. Rxd7+ Qxd7 24.
Qxe5 Rxc4 $17 {and black is just a pawn up.}) 19... Bf4 20. Qd4 Ba4 $2 {
This move is not so easy to understand,because it loses by force,and as a
matter of fact,quiet simply!It was nessasary to play} (20... Rg8 $1 {with
unclear position.}) 21. Bxe6 $6 {[%cal Gd4a4,Ge6c8]} ({Why not to play logical
} 21. Qxg7 $1 {and black simply can resign:} Bxd1 (21... Rf8 22. Bb4 $1 $18) (
21... e5 22. Qxh8+ Ke7 23. Bb4+ $18) 22. Qxh8+ Ke7 23. Qf6+ Ke8 24. Rxd1 Qxc4
25. Qh8+ Ke7 26. Bf6#) 21... fxe6 22. Qxa4+ b5 (22... Ke7 23. Bxg7 Rhg8 24. Bc3
$16) 23. Qxa6 O-O {Finally the black king is safe,but now white is the one who
has the pawn up and the game enters different stage-transformation of material
advantage into win,and here young french grandmaster shows certain lack of
skills.} 24. Qxe6+ $16 Qf7 25. Qxf7+ ({More accurate was} 25. Rfe1 $1 Qxe6 26.
Rxe6 Rc7 27. g3 Bg5 28. Kg2 $16) 25... Rxf7 26. g3 Bg5 27. Kg2 Rc4 28. a3 Be7 {
[%cal Gb5b4] Intending to play b4.} 29. Rd4 Rc6 30. Rd3 {The rook has to be
moved,because black threatened to play Bf6.} Bf6 31. Bxf6 Rfxf6 32. Rfd1 ({
Doesn't work} 32. Rd5 $6 b4 $1 33. axb4 Rc2 34. b3 Rb2 35. Rd3 Rb6 36. Rc1 Rf6
$1 {with the draw.}) 32... Rc4 33. R1d2 b4 34. b3 Re4 35. a4 ({Another
possibility was} 35. f3 $5 Re1 36. axb4 Rb6 37. Rc3 $1 Rxb4 38. Rd7 Re6 39.
Rcc7 Rg6 40. Rb7 $16 {with good chanses to win the game.}) 35... Rb6 36. Rd4 $6
{At this stage white seems to lose his way:he doesn't see the way to improve
the position and very quickly loses winning chanses.} (36. a5 $5 Ra6 37. Rd5
Re1 38. Rb5 Ra1 39. Rd7 R1xa5 40. Rxb4) 36... Re1 37. Rg4 $6 {[%cal Gd2d7]} Rb7
$1 {Defending from Rd7.} 38. Rdd4 Rb1 {[%csl Rb3]} 39. Rd3 Rb2 40. Rc4 Kh7 41.
Kf3 Kg6 42. Rg4+ Kf6 43. Rf4+ Kg5 44. Kg2 Kg6 45. Rff3 Rb6 $1 $15 {After
exchanging a pair of rooks white's winning chanses will become neglectable.}
46. Rd5 Rf6 47. Rxf6+ Kxf6 48. Rd3 Ke5 49. Kf3 h5 $1 {Creating the passed pawn
on the kingside.} 50. Ke3 g5 51. f4+ gxf4+ 52. gxf4+ Kf5 $11 53. Kf3 h4 54.
Rd5+ Kf6 55. Kg4 {This move may be considered as a draw offer,because now all
the pawns disappear from the board.} Rxb3 56. Kxh4 Ra3 57. Rb5 Rxa4 58. Kg4 b3
59. Rb6+ Kf7 60. Kg5 b2 61. Rb7+ Kf8 62. f5 Ra6 1/2-1/2

[Event "Budapest FS12 GM-A"]
[Site "Budapest"]
[Date "2001.12.06"]
[Round "6"]
[White "Horvath, Adam"]
[Black "Schenk, Andreas"]
[Result "1-0"]
[WhiteElo "2490"]
[BlackElo "2443"]
[Annotator "Finkel,A"]
[PlyCount "115"]
[EventDate "2001.11.01"]
[EventType "tourn"]
[EventRounds "13"]
[EventCountry "HUN"]
[EventCategory "10"]
[SourceTitle "CBM 087"]
[Source "ChessBase"]
[SourceDate "2002.03.21"]
[SourceVersion "1"]
[SourceVersionDate "2002.03.21"]
[SourceQuality "1"]

1. e4 e6 2. d4 d5 3. Nc3 Nf6 4. Bg5 dxe4 5. Nxe4 Be7 6. Bxf6 gxf6 7. Nf3 b6 8.
Bb5+ c6 9. Bd3 Bb7 10. Qe2 Qc7 11. O-O $5 {On my opinion the plan with castle
kingside is much more dangerous for black. White is better prepared for the
play on queenside than black on the kingside, that's why his chanses to launch
a dangerous attack are higher.} (11. a4 $5 a5 12. O-O Nd7 13. c4 O-O 14. Rfd1
Kh8 15. Rac1 f5 16. Ng3 Rae8 17. Bb1 $14 {Ivanovic,B-Dizdar,G/Kladovo 1990/CBM
17}) (11. O-O-O Nd7 12. Kb1 O-O-O 13. Ba6 Rhg8 14. Bxb7+ Kxb7 15. g3 f5 16.
Ned2 Bf6 $132 {Damjanovic,M-Radulov,I/Tbilisi 1965/EXT 98}) 11... Nd7 12. c4 (
12. Rfe1 O-O-O 13. a4 a5 (13... f5 $6 14. Neg5 Bxg5 15. Nxg5 Rdf8 16. a5 Rhg8
17. axb6 $14 {Schramm,C-Jandke,M/Germany 1996/EXT 99}) 14. Ba6 Nb8 15. Bxb7+
Kxb7 16. c3 Na6 17. Rab1 $14 {Jerie,S-Fleischer,P/Germany 1992/GER-chT2}) (12.
a4 Nf8 13. Ba6 Bxa6 14. Qxa6 Ng6 15. g3 Kf8 16. a5 $14 {Jakobsen,O-Rosell,K/
Esbjerg 1972/MCD}) 12... O-O-O (12... O-O $6 13. Ng3 Rfe8 14. Qd2 f5 15. Rae1
Nf8 16. Qh6 Ng6 17. Nh5 {1-0 Shephard,M-Gasik,R/London 1994/EXT 98 (17)}) 13.
a3 c5 $5 {This move seems to me the most logical way to meet 13.a3.} 14. dxc5
bxc5 $1 (14... Nxc5 $6 15. Nxc5 Bxc5 16. b4 Bd6 17. Be4 Bxe4 18. Qxe4 f5 19.
Qe2 $14 {[%cal Gc4c5]}) 15. Rad1 f5 ({Very serious attention deserved} 15...
Ne5 $5 16. Nxe5 Qxe5 17. f4 Qd4+ 18. Kh1 f5 $132 {[%cal Gb7g2]}) 16. Ng3 (16.
Nc3 $5 Qf4 $13) 16... Bf6 {It's clear that black has successfully solved
opening problems and white has to be carefull not to find himself in troubles.}
(16... Qf4 $5 17. Bxf5 Bxf3 18. gxf3 Ne5 19. Qe4 Nxf3+ 20. Kh1 Qxe4 21. Bxe4
Nd4 $13) 17. Nh5 $6 Rhg8 $6 {Missing an opportunity to get better chanses after
} (17... Bxf3 $1 18. Qxf3 Bxb2 19. Bc2 (19. Rb1 $2 Ne5 20. Qa8+ Kd7 $19 {
[%csl Ra8]}) 19... Nb6 20. Qb3 Be5 $17) 18. Bxf5 $6 {This move looks tempting,
but it leads to black's edge so white had to play something else in order to
stay in the game, however black refuses to take his chanse.} Qc6 $2 ({Why not} 
18... exf5 19. Rxd7 Rxd7 20. Nxf6 Re7 21. Qc2 Be4 $1 $17 {and black is just an
exchange up?!}) 19. Rxd7 $1 {Now this move is strong and it leads by force to
the ending with good winning chanses for white.} Qxf3 $8 20. Rxd8+ Bxd8 21.
Bxe6+ fxe6 (21... Kb8 22. Qxf3 Bxf3 23. Ng3 $18 {[%csl Gf3]}) 22. Qxe6+ Kc7 23.
Qxg8 Qxh5 24. Re1 $16 {Rook+3 pawns is much stronger than 2 bishops in this
position mainly because of exposed position of black king.} Bf6 (24... a5 $5 {
[%csl Rb2][%cal Ga5a4,Gh5g6]}) 25. Qg3+ Kc8 26. Qd6 Qg5 (26... Bd4 27. Qf8+ Kc7
28. Qe7+ Kc8 29. b4 $18) 27. g3 Bd8 28. Qe6+ Kc7 29. Qf7+ Kc8 30. Qe6+ Kc7 31.
Qf7+ Kc8 32. Qxh7 {Gathering another pawn!} Qg4 {[%cal Gg4f3]} 33. Qf7 $1 $18 {
Threatening to exchange queens with Qe6.} Kb8 34. Qe8 Kc7 35. Qe5+ Kd7 36. Qe8+
Kc7 37. Qf7+ Kb8 38. b4 {Aftr winning some time for thinking white decides to
push b-pawn.} Qh3 39. Qf4+ Kc8 40. f3 Qd7 41. bxc5 a5 42. h4 {Black is
helpless against an advance of white pawns on the kingside.} Bc6 43. h5 Be7 44.
Re5 Qd1+ 45. Kg2 Bd8 46. Qe3 Bc7 47. Re6 Bd7 48. Rf6 Qc2+ 49. Qf2 Qxc4 50. h6
Be5 51. Rf8+ Kc7 52. h7 Qc3 53. Qe2 Bg7 54. Rf7 Bf6 55. g4 {[%csl Gh3]
Securing square h3 for the king.} Bd4 56. Qe6 Qd2+ 57. Kh3 Bc3 58. c6 1-0

[Event "RUS-Cup03 Geller Memorial"]
[Site "Moscow"]
[Date "1999.02.14"]
[Round "5"]
[White "Vokarev, Sergey"]
[Black "Kiriakov, Petr"]
[Result "1/2-1/2"]
[WhiteElo "2462"]
[BlackElo "2564"]
[Annotator "Finkel,A"]
[PlyCount "54"]
[EventDate "1999.02.10"]
[EventType "swiss"]
[EventRounds "9"]
[EventCountry "RUS"]
[SourceTitle "CBM 070"]
[Source "ChessBase"]
[SourceDate "1999.06.08"]
[SourceVersion "1"]
[SourceVersionDate "1999.06.08"]
[SourceQuality "1"]

1. e4 e6 2. d4 d5 3. Nc3 Nf6 4. Bg5 dxe4 5. Nxe4 Be7 6. Bxf6 gxf6 7. Nf3 f5 8.
Nc3 Bf6 9. Qd2 c5 10. d5 e5 (10... O-O 11. O-O-O e5 (11... Bg7 12. Qe3 Qb6 13.
Ne5 exd5 14. Nxd5 Qe6 15. f4 (15. Nc4 Bh6 16. f4 b5 17. Ne5 f6 18. Nc7 Qxe5 $8
$13 {Glek,I-Luther,T/BL9293 1993 (22)}) 15... Nd7 16. Nc4 Nf6 17. Nc7 Qxe3+ 18.
Nxe3 Rb8 19. Bd3 Ng4 $132 {Landenbergue,C-Luther,T/Ptuj zt 1995 (48)}) 12. Kb1
(12. h4 Nd7 13. d6 Nb6 14. Ng5 (14. Qe3 e4 15. Ng5 Bd7 16. g4 Bd4 17. Rxd4 cxd4
18. Qxd4 $44 {Lau,R-Sakaev,K/Dortmund-C 1991 (56)}) 14... h6 15. Nh3 Bg7 16.
Qe3 Qxh4 17. g3 Qb4 18. a3 Qa5 $13 {Kutuzovic,B-Dizdar,G/CRO-chT 1994 (48)})
12... Nd7 13. g4 e4 14. Ng1 fxg4 15. Nxe4 Bg7 16. h3 $13 {Saulin,D-Kiriakov,P/
RUS-Cup03 (Geller mem) 1999 (29)}) (10... exd5 11. Qe3+ Be6 12. Qxc5 Nd7 13.
Bb5 Rc8 14. Qe3 O-O (14... a6 15. Bxd7+ Qxd7 16. Nd4 Rg8 17. O-O Bxd4 18. Qxd4
$16 {Arnason,J-Skembris,S/Thessaloniki olm 1988 (31)}) 15. O-O a6 16. Bxd7 Qxd7
17. Nd4 Qd6 18. Nce2 Kh8 19. Rad1 $14 {Arnason,J-Bjarnason,S/Reykjavik 1989 
(37)}) 11. h4 (11. O-O-O e4 $5 12. Qh6 a6 13. Re1 Qe7 14. Bd3 $6 Bxc3 15. bxc3
Nd7 $36 {Loskutov,O-Belozerov,A/Moscow7 1995 (20)}) (11. Bb5+ Nd7 12. O-O O-O
13. Kh1 a6 14. Bxd7 Bxd7 15. Rad1 Kh8 16. Rfe1 e4 $36 {Ernst,T-Setterqvist,K/
SWE-ch Goteborg 1990}) 11... O-O (11... e4 12. Ng5 h6 13. Nh3 Bxh4 14. Qf4 Bf6
15. O-O-O Qe7 16. Bb5+ $40 {Hoffmann,H-Broberg,H/Leipzig VfB op 1996 (44)}) 12.
O-O-O Bg7 13. d6 $5 {The most ambitious continuation.Nothing special promises}
(13. Kb1 Nd7 14. Be2 b5 15. Qg5 Qa5 16. Nd2 c4 $13 {and black is o'kay;
Vujakovic,B-Dizdar,G/JUG-chT 1989 (25)}) 13... e4 $5 {Not less ambitious reply!
} (13... Be6 $6 14. Ng5 Nc6 15. g4 Nd4 16. gxf5 Bxf5 17. Bd3 $14 {Klovans,
J-Dizdar,G/Groningen op 1991 (34)}) 14. Ng5 Nd7 (14... h6 $6 15. Nh3 Qxh4 16.
g3 Qf6 17. Nf4 $36) 15. f3 h6 16. Nd5 $5 Re8 (16... Bf6 $6 17. Nh3 Kg7 $6 18.
fxe4 fxe4 19. Nhf4 Be5 20. Nc7 $1 $18 {[%cal Gc7a8,Gc7e6]}) (16... Nf6 $2 17.
Ne7+ Kh8 18. Bc4 $1 Qe8 (18... hxg5 19. hxg5+ Nh7 20. Rxh7+ $1 $18) 19. fxe4
fxe4 20. Rdf1 b5 21. Rxf6 $1 {[%csl Rh6]} Bxf6 22. Nxf7+ Rxf7 23. Qxh6+ Rh7 24.
Ng6+ Qxg6 25. Qf8+ $1 Qg8 26. Qxg8#) 17. Nxf7 $5 {The point of 16th move of
white.White hopes to use vulnerable position of the black king and to combine
the attack with th help of bishop and queen.} Kxf7 18. Nc7 Nb6 $1 {This strong
move covering square c4 leads to a draw and neither side can't deviate from
the main variation.} (18... Qf6 $6 19. c3 Nb6 (19... Rb8 $2 20. Bc4+ Kf8 21.
Qd5 $18) 20. Nxa8 $1 (20. Nxe8 Kxe8 21. fxe4 fxe4 22. Qe3 Bf5 23. Bb5+ Kd8 24.
Rhf1 Qe5 25. Qf4 $1 $14) 20... e3 21. Qe2 Nxa8 22. d7 Bxd7 23. Rxd7+ $16) 19.
Nxa8 e3 20. Qd3 (20. Qa5 $6 Nxa8 (20... e2 $2 21. Bxe2 Rxe2 22. Nxb6 axb6 23.
Qb5 $1 $18 {[%cal Gb5e2,Gd6d7]}) 21. Bc4+ Kg6 22. Qxc5 Nb6 $36) 20... c4 $5 (
20... Nxa8 $2 21. d7 Bxd7 22. Qxd7+ Qxd7 23. Rxd7+ Re7 24. Bc4+ Ke8 25. Rxe7+
Kxe7 26. f4 $18) 21. Qa3 e2 (21... Nxa8 $2 22. d7 $1 Bxd7 23. Bxc4+ Kg6 24.
Qd6+ $18) 22. Bxe2 Rxe2 23. Nxb6 axb6 24. d7 Bxd7 25. Qd6 Ba4 $1 (25... Re7 26.
Qd5+ Kf8 27. Qxc4 Qe8 28. Qb4 $14) 26. Qxd8 Rxc2+ 27. Kb1 Rxb2+ 1/2-1/2